Carregant...

Benchmarking /

Dades bibliogràfiques
Autor principal: Codling,, Sylvia
Format: Printed Book
Idioma:English
Publicat: Aldershot: Gower, 1998.
Edició:1
Matèries:
LEADER 00621cam a2200217ua 4500
008 070321t1998||||||||||| 001 ||eng c
041 0 |a eng 
082 |a 658.401 3  |b COD/B 
100 0 |a Codling,, Sylvia 
245 1 0 |a Benchmarking /  
250 |a 1 
260 |a Aldershot:  |b Gower,  |c 1998. 
300 |a xviiii,168p.. 
362 1 |a 1998. 
365 |a Pd. 25/.  |e pb 
500 |a Includes index. 
650 |a Executive management 
650 0 |a Management 
942 |c BK 
999 |c 14084  |d 14084 
952 |0 0  |1 0  |4 0  |6 658_401000000000000_3_COD  |7 0  |9 14683  |a KUCL  |b KUCL  |d 2014-05-23  |l 0  |o 658.401 3 COD/  |p 14932  |r 2014-05-23  |w 2014-05-23  |y BK